| 000 | 01925nac a22003251u 4500 | ||
|---|---|---|---|
| 010 | _a 2003003698 | ||
| 020 | _a0415318599 | ||
| 020 | _a0415375355 | ||
| 082 | 0 | 0 |
_a382.92091724 _bNAR |
| 090 |
_c5302 _d5302 |
||
| 100 | _aNarlikar, Amrita. | ||
| 245 | 1 | 0 |
_aInternational trade and developing countries : _bbargaining and coalitions in the GATT and WTO / _cAmrita Narlikar. |
| 260 |
_aLondon ; _aNew York : _bRoutledge,2003 _c2003. |
||
| 300 |
_axviii, 238 p. : _bill. ; _c25 cm. |
||
| 490 | 0 |
_aRIPE series in global political economy ; _vv. 13 |
|
| 500 | _adistributer: Al-Ahram | ||
| 504 | _aIncludes bibliographical references and index. | ||
| 505 | 0 | _aBargaining together : why and how? -- Coalitions in the GATT and the entry of services -- Bloc diplomacy : the informal group and the G-10 -- Alliance diplomacy : the issue-based, crossover coalitions of G-20 and cafeĆ? au lait -- Combination diplomacy : issue-based blocs and sub-sectoral crossover coalitions -- Evolved alliances : the cairns group and friends of services group -- Regionalism : a springboard for bargaining? -- Coalitions of the new round : developing countries at Seattle and Doha -- Conclusion. | |
| 511 | _acatalogued by: wessam | ||
| 610 | 2 | 0 |
_aWorld Trade Organization _zDeveloping countries. |
| 610 | 2 | 0 |
_aGeneral Agreement on Tariffs and Trade (Organization) _zDeveloping countries. |
| 650 | 0 | _aInternational trade. | |
| 650 | 0 |
_aTrade blocs _zDeveloping countries. |
|
| 650 | 0 |
_aRegionalism _zDeveloping countries. |
|
| 650 | 0 |
_aStrategic alliances (Business) _zDeveloping countries. |
|
| 650 | 0 |
_aForeign trade regulation _zDeveloping countries. |
|
| 856 | 4 | 2 |
_3Publisher description _uhttp://www.loc.gov/catdir/enhancements/fy0651/2003003698-d.html |
| 942 |
_cBB _k382.92091724NAR |
||
| 999 |
_c5302 _d5302 |
||